000 00615cam a22002171 4500
001 sa 67007390
003 DLC
005 20260227112415.0
008 890505s1960 np ch 000 0 nepo
010 _asa 67007390
035 _a(OCoLC)19660263
040 _aDLC
_cWaU
_dDLC
042 _apremarc
050 0 0 _aPK2598.G53
_bR3
100 1 _aGhimire, Mādhava,
_d1919-
245 1 0 _aRājesvarī.
260 _c[1960]
300 _a3, 68 p.
_bfacsim., port.
_c19 cm.
500 _aIn Nepali.
600 1 0 _aRajarajesvari, Rani,
_cconsort of Rana Bahadur Shah, Majarajadhiraja of Nepal,
_dactive 1785-1806
_vPoetry.
999 _c76550
_d76550